[Event "Tungsram"]
[Site "Budapest"]
[Date "1977.??.??"]
[Round "?"]
[White "Sax, Gyula"]
[Black "Ostojic, Predrag"]
[Result "1-0"]
[WhiteElo "2565"]
[BlackElo "2480"]
[PlyCount "63"]
[EventDate "1977.08.??"]
[Source "ChessBase"]

1. e4 c5 2. f4 e6 3. Nf3 d5 4. exd5 exd5 5. Bb5+ Bd7 6. Bxd7+ Nxd7 7. O-O Bd6 8. d4 Ne7 9. Nc3 O-O 10. Kh1 Nf6 11. Be3 b6 12. Ne5 Nf5 13. Qd3 Nxe3 14. Qxe3 cxd4 15. Qxd4 Re8 16. Rad1 Bc5 17. Qd3 d4 18. Nb5 Nd5 19. Nxd4 Qf6 20. Qg3 Bxd4 21. Ng4 Qe6 22. Rxd4 Ne7 23. Qf3 Qxa2 24. f5 f6 25. Re4 Kf8 26. Rfe1 Rad8 27. Qe3 Rd7 28. Nxf6 gxf6 29. Qh6+ Kg8 30. Rg4+ Ng6 31. Rxe8+ Kf7 32. Re1 1-0

[Event "Sochi"]
[Site "Sochi"]
[Date "1984.??.??"]
[Round "?"]
[White "Yrjola, Jouni"]
[Black "Sveshnikov, Evgeny"]
[Result "0-1"]
[WhiteElo "2515"]
[BlackElo "2530"]
[PlyCount "68"]
[EventDate "1984.10.??"]
[Source "ChessBase"]

1. e4 c5 2. f4 e6 3. Nf3 d5 4. Bb5+ Bd7 5. Bxd7+ Nxd7 6. d3 Ne7 7. O-O g6 8. Nc3 Bg7 9. Qe1 O-O 10. Kh1 Rc8 11. Qh4 c4 12. Be3 cxd3 13. cxd3 Nc5 14. Rad1 d4 15. Bxd4 Bxd4 16. Nxd4 Qxd4 17. Qxe7 Nxd3 18. Rd2 Qc4 19. Rf3 Qxe4 20. Rd1 Qb4 21. Qxb4 Nxb4 22. a3 Nc6 23. Rfd3 Rfd8 24. Kg1 Kf8 25. Kf2 Ke7 26. Ne4 Rxd3 27. Rxd3 Na5 28. Rd2 Rc1 29. Nd6 Nb3 30. Rd3 Rc2+ 31. Kf3 Nd2+ 32. Ke2 Nc4+ 33. Kd1 Nxb2+ 34. Kxc2 Nxd3 0-1

[Event "URS-FL"]
[Site "Tallinn"]
[Date "1983.??.??"]
[Round "?"]
[White "Balashov, Yuri S"]
[Black "Lerner, Konstantin Z"]
[Result "1/2-1/2"]
[WhiteElo "2545"]
[BlackElo "2495"]
[PlyCount "80"]
[EventDate "1983.12.??"]
[Source "ChessBase"]

1. e4 c5 2. d3 Nc6 3. f4 d5 4. Be2 g6 5. Nf3 Bg7 6. O-O Bg4 7. c3 e6 8. Ng5 Bxe2 9. Qxe2 h6 10. Nh3 Qe7 11. Re1 Nf6 12. Nd2 O-O-O 13. e5 Nd7 14. Nf3 Rhe8 15. Nf2 f6 16. exf6 Bxf6 17. Ng4 Bg7 18. Bd2 Qf7 19. Rf1 Qg8 20. Nfe5 Ne7 21. Be3 h5 22. Nxd7 Rxd7 23. Ne5 Bxe5 24. fxe5 d4 25. Bg5 dxc3 26. bxc3 Nf5 27. a4 Rd5 28. Rfb1 Qg7 29. Bf6 Qh6 30. Rb5 Qe3+ 31. Qxe3 Nxe3 32. Rab1 b6 33. a5 Rxd3 34. axb6 axb6 35. Rxb6 Rd1+ 36. Rxd1 Nxd1 37. Rb5 Kd7 38. Rxc5 Rc8 39. Rxc8 Kxc8 40. c4 Nb2 1/2-1/2

[Event "Bath zt"]
[Site "Bath"]
[Date "1987.??.??"]
[Round "?"]
[White "Hodgson, Julian M"]
[Black "Mestel, A Jonathan"]
[Result "1-0"]
[WhiteElo "2520"]
[BlackElo "2520"]
[PlyCount "67"]
[EventDate "1987.02.??"]
[Source "ChessBase"]

1. e4 c5 2. f4 d5 3. exd5 Nf6 4. Bb5+ Bd7 5. Bxd7+ Qxd7 6. c4 e6 7. Qe2 Be7 8. dxe6 Qxe6 9. Qxe6 fxe6 10. Nf3 Nc6 11. O-O Rd8 12. Nc3 O-O 13. b3 Ng4 14. Ne2 Bf6 15. Rb1 e5 16. h3 Nh6 17. fxe5 Nxe5 18. Nxe5 Bxe5 19. Rxf8+ Kxf8 20. b4 cxb4 21. Rxb4 b6 22. Rb5 Nf7 23. a4 Bf6 24. a5 Nd6 25. Ba3 Ke8 26. Bxd6 Rxd6 27. axb6 axb6 28. Kf1 Rxd2 29. Rxb6 Rc2 30. Re6+ Kd7 31. Re4 Kd6 32. Nf4 Rd2 33. Nd5 Bd4 34. Ke1 1-0

[Event "London ENG"]
[Site "London ENG"]
[Date "1985.??.??"]
[Round "?"]
[White "Hodgson, Julian M"]
[Black "Chandler, Murray G"]
[Result "1/2-1/2"]
[WhiteElo "2455"]
[BlackElo "2585"]
[PlyCount "66"]
[EventDate "1985.??.??"]
[Source "www.chesslib.no"]
[SourceDate "2004.05.04"]

1. e4 c5 2. f4 d5 3. Nc3 dxe4 4. Nxe4 Qc7 5. Nf3 Nf6 6. d3 Nbd7 7. g3 g6 8. Bg2 Bg7 9. O-O O-O 10. Qe2 b6 11. Nf2 Bb7 12. Bd2 Rae8 13. Rae1 e5 14. fxe5 Nh5 15. Bc3 b5 16. b3 Bxf3 17. Bxf3 Bxe5 18. Bxh5 Bxc3 19. Qxe8 Rxe8 20. Rxe8+ Kg7 21. Bf3 Ne5 22. Bg2 Bd4 23. Kh1 Qd7 24. Rb8 Bxf2 25. Rxf2 Qd4 26. Rf4 Qa1+ 27. Rf1 Qxa2 28. d4 cxd4 29. Re8 Ng4 30. Re7 Ne3 31. Rfxf7+ Kg8 32. Rg7+ Kh8 33. Rxh7+ Kg8 1/2-1/2

[Event "San Martin"]
[Site "San Martin"]
[Date "1995.??.??"]
[Round "11"]
[White "Larsen, Bent"]
[Black "Ricardi, Pablo"]
[Result "1/2-1/2"]
[WhiteElo "2505"]
[BlackElo "2530"]
[PlyCount "106"]
[EventDate "1995.03.??"]
[Source "ChessBase"]

1. e4 c5 2. f4 d5 3. exd5 Qxd5 4. Nc3 Qd8 5. Nf3 Nf6 6. Ne5 e6 7. Qf3 Be7 8. b3 O-O 9. Bb2 Nd5 10. Bd3 Nb4 11. Be4 f5 12. Bd3 Bh4+ 13. Kd1 Nd7 14. Bc4 Nxe5 15. fxe5 Bg5 16. Qf2 a6 17. h4 Bh6 18. Rh3 b5 19. Bf1 Rf7 20. a4 Rd7 21. d3 c4 22. Qc5 Nd5 23. bxc4 Nf4 24. axb5 Nxh3 25. gxh3 Qxh4 26. Bg2 Bb7 27. Bxb7 Qf4 28. Ke1 Rxb7 29. Rxa6 Qg3+ 30. Ke2 Qh2+ 31. Qf2 Qxe5+ 32. Kf1 Rxa6 33. Na4 Qb8 34. bxa6 Rxb2 35. Nxb2 Qxb2 36. a7 Qb7 37. Qc5 Kf7 38. Kf2 Bf4 39. Qa5 Qa8 40. d4 Bd6 41. d5 exd5 42. cxd5 g5 43. c4 g4 44. hxg4 fxg4 45. Qb6 Ke7 46. Ke2 Qc8 47. Qd4 Kf7 48. Qe4 Kg7 49. Kd3 g3 50. Qd4+ Kf7 51. Qe4 Kg7 52. Qd4+ Kf7 53. Qe4 Kg7 1/2-1/2

[Event "RUS-ch"]
[Site "Elista"]
[Date "1994.??.??"]
[Round "2"]
[White "Sveshnikov, Evgeny"]
[Black "Tunik, Gennady"]
[Result "1/2-1/2"]
[WhiteElo "2585"]
[BlackElo "2450"]
[PlyCount "66"]
[EventDate "1994.09.??"]
[Source "ChessBase"]

1. e4 c5 2. f4 Nc6 3. Nf3 g6 4. c3 d5 5. e5 Bg4 6. h3 Bxf3 7. Qxf3 e6 8. g3 h5 9. Bg2 h4 10. g4 g5 11. O-O gxf4 12. Qxf4 Qc7 13. d4 cxd4 14. cxd4 Nxd4 15. Nc3 a6 16. Be3 Nc6 17. Bxd5 Bg7 18. Bxc6+ bxc6 19. Bd4 Rd8 20. Rae1 c5 21. Bf2 Rd7 22. Qa4 Ne7 23. Rd1 Bxe5 24. Ne4 Qc6 25. Qxc6 Nxc6 26. Rxd7 Kxd7 27. Nxc5+ Ke7 28. Nxa6 Ra8 29. Nc5 Bxb2 30. Bxh4+ Ke8 31. Ne4 Be5 32. Nf6+ Bxf6 33. Bxf6 Rxa2 1/2-1/2

[Event "Biel"]
[Site "Biel"]
[Date "1987.??.??"]
[Round "?"]
[White "Campora, Daniel Hugo"]
[Black "Polgar, Zsuzsa"]
[Result "1-0"]
[WhiteElo "2545"]
[BlackElo "2485"]
[PlyCount "71"]
[EventDate "1987.07.??"]
[Source "ChessBase"]

1. e4 c5 2. f4 d5 3. exd5 Nf6 4. Bb5+ Bd7 5. Bxd7+ Qxd7 6. c4 e6 7. Qe2 Bd6 8. Nf3 O-O 9. dxe6 Qxe6 10. Qxe6 fxe6 11. d3 Nc6 12. Nc3 Rad8 13. O-O Bc7 14. Ng5 Nd4 15. Be3 Rfe8 16. Bxd4 cxd4 17. Nce4 Ng4 18. Nc5 e5 19. Nge6 Rc8 20. f5 e4 21. Nxc7 Rxc7 22. Nxe4 Ne5 23. f6 Rf8 24. fxg7 Kxg7 25. Rxf8 Kxf8 26. Rf1+ Kg7 27. Nf6 Rc6 28. Nh5+ Kh6 29. Nf4 b5 30. Re1 Ng4 31. b3 bxc4 32. dxc4 Ne3 33. Ne2 d3 34. Nc3 Ng4 35. h3 Nf6 36. Rd1 1-0

[Event "Bundesliga 9899"]
[Site "Germany"]
[Date "1998.10.17"]
[Round "1.5"]
[White "Seul, Georg"]
[Black "Hansen, Curt"]
[Result "0-1"]
[WhiteElo "2435"]
[BlackElo "2595"]
[PlyCount "74"]
[EventDate "1998.10.17"]
[Source "ChessBase"]
[SourceDate "1999.07.01"]

1. e4 c5 2. d3 Nc6 3. f4 g6 4. Nf3 Bg7 5. Be2 e6 6. O-O Nge7 7. c3 O-O 8. Be3 b6 9. d4 cxd4 10. cxd4 f5 11. e5 Nd5 12. Qd2 Ncb4 13. Bf2 Ba6 14. Bxa6 Nxa6 15. Na3 Bh6 16. Bg3 Nac7 17. Nc4 b5 18. Na5 Qb8 19. Nb3 Na6 20. Ne1 Rc8 21. Nd3 Bf8 22. a3 Rc4 23. Bf2 Qc7 24. Nbc5 Nxc5 25. dxc5 a5 26. b3 Re4 27. Rac1 Qc6 28. g3 b4 29. axb4 axb4 30. Rfe1 Qb5 31. Qc2 Nc3 32. Qd2 Ra3 33. Be3 Rxb3 34. Nxb4 Bxc5 35. Rxc3 Rxe3 36. Rexe3 Rb1+ 37. Rc1 Qxb4 0-1

[Event "TV"]
[Site "TV"]
[Date "1993.??.??"]
[Round "?"]
[White "Wahls, Matthias"]
[Black "Lutz, Christopher"]
[Result "1/2-1/2"]
[WhiteElo "2480"]
[BlackElo "2550"]
[PlyCount "120"]
[EventDate "1993.??.??"]
[Source "www.chesslib.no"]
[SourceDate "2004.05.04"]

1. e4 c5 2. f4 d5 3. Nc3 dxe4 4. Nxe4 e6 5. Bc4 Nf6 6. Qe2 Nc6 7. Nf3 Nxe4 8. Qxe4 g6 9. c3 Bg7 10. O-O O-O 11. a4 Bd7 12. d3 Na5 13. Ba2 Bc6 14. Qe3 b6 15. Ne5 Bd5 16. Bb1 Nb3 17. Ra3 Nxc1 18. Rxc1 f6 19. Ng4 Rc8 20. Ra1 Qd6 21. Rf1 f5 22. Ne5 g5 23. Re1 Bxe5 24. Qxe5 Qxe5 25. fxe5 Rcd8 26. a5 b5 27. a6 Kf7 28. Bc2 Rd7 29. Kf2 Rfd8 30. Bd1 Bc6 31. Be2 Kg6 32. Reb1 g4 33. Bf1 f4 34. Re1 Kf5 35. Rab1 Rd5 36. b4 Rxe5 37. Rxe5+ Kxe5 38. bxc5 Kd5 39. d4 e5 40. Bxb5 Bxb5 41. Rxb5 exd4 42. cxd4 Kxd4 43. c6 Rc8 44. Rf5 Rxc6 45. Rxf4+ Ke5 46. Rxg4 Rxa6 47. Rg7 h6 48. Kf3 Kf6 49. Rg8 Kf7 50. Rg4 Ra3+ 51. Kf2 a5 52. h4 Ra2+ 53. Kg3 a4 54. h5 Ra3+ 55. Kh4 Ra1 56. Rg6 Rh1+ 57. Kg4 a3 58. Ra6 Rh2 59. Ra7+ Kf6 60. Ra6+ Kf7 1/2-1/2

[Event "Dubai op"]
[Site "Dubai"]
[Date "2001.04.16"]
[Round "2"]
[White "Sveshnikov, Evgeny"]
[Black "Ramesh, RB."]
[Result "1-0"]
[WhiteElo "2571"]
[BlackElo "2458"]
[PlyCount "35"]
[EventDate "2001.04.15"]
[Source "ChessBase"]
[SourceDate "2001.07.05"]

1. e4 c5 2. f4 d5 3. exd5 Qxd5 4. Nc3 Qd8 5. Nf3 Nc6 6. Bb5 Bd7 7. O-O e6 8. Bxc6 Bxc6 9. Ne5 Rc8 10. Qe2 Be7 11. d3 Nf6 12. Be3 O-O 13. Rad1 Nd5 14. Nxd5 exd5 15. d4 c4 16. f5 Be8 17. Qg4 Ba4 18. Bh6 1-0

[Event "Golden Cleopatra op 3rd"]
[Site "Cairo"]
[Date "1999.04.18"]
[Round "8"]
[White "Djurhuus, Rune"]
[Black "Volzhin, Alexander"]
[Result "1/2-1/2"]
[WhiteElo "2478"]
[BlackElo "2548"]
[PlyCount "66"]
[EventDate "1999.04.11"]
[Source "ChessBase"]
[SourceDate "1999.05.10"]

1. e4 c5 2. f4 Nc6 3. Nf3 g6 4. Bb5 Bg7 5. Bxc6 dxc6 6. d3 Nf6 7. Nbd2 O-O 8. O-O Ne8 9. Qe1 Nc7 10. Qh4 Ne6 11. Nb3 f5 12. e5 b6 13. Be3 Qe8 14. Nbd2 Nc7 15. Nc4 h6 16. a4 Be6 17. a5 Nd5 18. Qf2 Qf7 19. Bd2 Rfd8 20. h4 Qe8 21. b3 h5 22. Ng5 Qd7 23. Ra2 Bh6 24. Nxe6 Qxe6 25. g3 Bf8 26. axb6 axb6 27. Rfa1 Rxa2 28. Rxa2 Rb8 29. Qe1 b5 30. Ne3 c4 31. dxc4 Nxe3 32. Bxe3 bxc4 33. Qc3 cxb3 1/2-1/2

[Event "Manila ol (Men)"]
[Site "Manila PHI"]
[Date "1992.??.??"]
[Round "?"]
[White "Bricard, Emmanuel"]
[Black "Romanishin, Oleg M"]
[Result "1-0"]
[WhiteElo "2430"]
[BlackElo "2595"]
[PlyCount "65"]
[EventDate "1992.06.??"]
[Source "www.chesslib.no"]
[SourceDate "2004.05.04"]

1. e4 c5 2. f4 Nc6 3. Nf3 g6 4. Bb5 Bg7 5. Bxc6 dxc6 6. d3 Bg4 7. Nbd2 Nf6 8. O-O O-O 9. Qe1 Bxf3 10. Nxf3 Nd7 11. Rb1 e5 12. f5 Qe7 13. Kh1 Rae8 14. g4 Kh8 15. Be3 Rg8 16. g5 gxf5 17. exf5 f6 18. g6 Bf8 19. Qh4 e4 20. dxe4 Rg7 21. Bh6 Rg8 22. Bxf8 Rexf8 23. Rg1 Rg7 24. Rg4 Ne5 25. Nxe5 Qxe5 26. Rbg1 Qd4 27. gxh7 Rg5 28. Re1 Rf7 29. Rxg5 fxg5 30. Qxg5 Rxh7 31. Qf4 Rg7 32. f6 Rf7 33. Qh6+ 1-0

[Event "Malaga"]
[Site "Malaga ESP"]
[Date "1987.??.??"]
[Round "?"]
[White "Hebden, Mark L"]
[Black "Rodriguez Cespedes, Amador"]
[Result "1-0"]
[WhiteElo "2465"]
[BlackElo "2560"]
[PlyCount "63"]
[EventDate "1987.03.??"]
[Source "www.chesslib.no"]
[SourceDate "2004.05.04"]

1. e4 c5 2. f4 d5 3. Nc3 d4 4. Nce2 e5 5. Nf3 Nc6 6. fxe5 g5 7. h3 g4 8. hxg4 Bxg4 9. Nf4 Bg7 10. Bb5 Bxe5 11. Bxc6+ bxc6 12. d3 Qf6 13. Nh5 Qe7 14. Qd2 Nf6 15. Nxe5 Qxe5 16. Nxf6+ Qxf6 17. Rh6 Qe7 18. Qg5 Qxg5 19. Bxg5 Be6 20. g3 Kd7 21. b3 Raf8 22. O-O-O Rhg8 23. Bf4 Rg7 24. Re1 f6 25. Rh5 Rgf7 26. Rxc5 Rg8 27. Ra5 Kc8 28. Rh1 Rd7 29. Rhh5 Kb7 30. Ra4 Bg4 31. Rha5 Ka8 32. Rc5 1-0

[Event "Bundesliga 9394"]
[Site "Germany"]
[Date "1994.??.??"]
[Round "?"]
[White "Wahls, Matthias"]
[Black "Kovalev, Andrei"]
[Result "1/2-1/2"]
[WhiteElo "2480"]
[BlackElo "2545"]
[PlyCount "148"]
[EventDate "1993.10.??"]
[Source "ChessBase"]
[SourceDate "1999.07.01"]

1. e4 c5 2. f4 d5 3. Nc3 d4 4. Nce2 Nc6 5. Nf3 Nf6 6. d3 Bg4 7. Neg1 e5 8. h3 Bxf3 9. Nxf3 exf4 10. Bxf4 Bd6 11. Qd2 Qc7 12. Bxd6 Qxd6 13. Qf2 c4 14. a3 Qc5 15. dxc4 Nxe4 16. Qh4 Qe7 17. Qxe7+ Kxe7 18. Bd3 Nf6 19. O-O Rhe8 20. Ng5 Ne5 21. Rae1 Kf8 22. Kf2 a5 23. Nf3 Nxf3 24. Kxf3 Nd7 25. Kf4 a4 26. Kg3 Rxe1 27. Rxe1 Rd8 28. Rf1 g6 29. Be4 Ne5 30. Bd5 b5 31. b3 Ke7 32. Kf4 f6 33. Ke4 axb3 34. cxb3 bxc4 35. bxc4 d3 36. Rb1 Rd7 37. Ke3 Ra7 38. Rb6 Rxa3 39. Re6+ Kd7 40. Rxf6 Ra2 41. Kd4 Re2 42. Rf1 d2 43. Rd1 Kd6 44. c5+ Kc7 45. Be4 Nc6+ 46. Kd3 Re1 47. Rxd2 Rc1 48. Rf2 Rxc5 49. Rf7+ Kd6 50. Rxh7 Ke6 51. Rb7 Ne7 52. Rb6+ Kf7 53. Ra6 Rb5 54. Ke3 Kg7 55. Kf3 Kf7 56. h4 Nf5 57. g3 Rb3+ 58. Kf4 Rb4 59. Ke5 Nxg3 60. Bxg6+ Kg7 61. Bd3 Nh5 62. Ra7+ Kf8 63. Ra8+ Kg7 64. Ra7+ Kf8 65. Be4 Ng3 66. Ra8+ Ke7 67. Ra7+ Kd8 68. Bg6 Rxh4 69. Ra3 Rg4 70. Kf6 Ne4+ 71. Bxe4 Rxe4 72. Ra7 Re8 73. Ra8+ Kd7 74. Rxe8 Kxe8 1/2-1/2

[Event "Bundesliga 8788"]
[Site "Germany"]
[Date "1988.??.??"]
[Round "?"]
[White "Hickl, Joerg"]
[Black "Lau, Ralf"]
[Result "1/2-1/2"]
[WhiteElo "2485"]
[BlackElo "2540"]
[PlyCount "63"]
[EventDate "1987.10.??"]
[Source "ChessBase"]
[SourceDate "1999.07.01"]

1. e4 c5 2. f4 g6 3. Nf3 Bg7 4. Nc3 a6 5. d3 Nc6 6. g3 b5 7. Bg2 b4 8. Ne2 d6 9. O-O a5 10. h3 Ba6 11. Rb1 Rc8 12. g4 Nf6 13. b3 O-O 14. Ng3 a4 15. Be3 axb3 16. axb3 Bb5 17. g5 Nd7 18. h4 Ra8 19. h5 Ra2 20. Bh3 Qc7 21. Rf2 Rfa8 22. Kg2 Ra1 23. Rxa1 Rxa1 24. Qe2 Bc3 25. Nf1 Kg7 26. N1h2 Nf8 27. Bd2 Bb2 28. hxg6 hxg6 29. Ng4 Nd4 30. Nxd4 Bxd4 31. Be3 Bc3 32. f5 1/2-1/2